| 000 | 00899nam a2200301 4500 | ||
|---|---|---|---|
| 001 | 27380 | ||
| 003 | BD-RjUL | ||
| 005 | 20211209051140.0 | ||
| 008 | 140325s1973 enkab b 001 0beng | ||
| 020 | _a0233964568 | ||
| 020 | _a0233965173 (pbk.) | ||
| 035 | _a(BD-RjUL)27453 | ||
| 040 |
_aDLC _cDLC _dDLC _dBD-RjUL _beng |
||
| 041 | _aeng | ||
| 082 | 0 | 0 |
_a959.52050924 _bGEL 1973 |
| 100 | 1 |
_aGeorge, T. J. S. _982488 |
|
| 245 | 1 | 0 |
_aLee Kuan Yew's Singapore / _cT. J. S. George. |
| 260 |
_aLondon : _bDeutsch, _cc1973. |
||
| 300 |
_a222 p. : _bill., map. ; _c23 cm. |
||
| 350 | _a£2.95 | ||
| 504 | _aBibliography: p. [217]-218. and index. | ||
| 600 | 1 | 0 |
_aLee, Kuan Yew, _d1923- _984119 |
| 650 | 0 |
_aPrime ministers _zSingapore _vBiography. _984120 |
|
| 651 | 0 |
_aSingapore _xPolitics and government _y1965-1990. _984121 |
|
| 942 |
_2ddc _cBK |
||
| 999 |
_c27380 _d27380 |
||